|
|
|
|
| LEADER |
01524nam a2200349 a 4500 |
| 001 |
c000181965 |
| 003 |
CARM |
| 005 |
20050331105302.0 |
| 008 |
970324s1996 nyua b 101 0 eng d |
| 010 |
|
|
|a 97181933
|
| 019 |
1 |
|
|a 13103234
|z 45207266
|z 21997341
|5 LACONCORD2021
|
| 020 |
|
|
|a 0897918088
|
| 035 |
|
|
|a (OCoLC)36234087
|5 LACONCORD2021
|
| 040 |
|
|
|a LC
|b eng
|c LC
|d LC
|
| 042 |
|
|
|a lccopycat
|
| 050 |
0 |
4 |
|a QA76.73.A35
|b T76 1996
|
| 082 |
0 |
0 |
|a 005.13/3
|2 21
|
| 111 |
2 |
|
|a TRI-Ada (Conference),
|d (1996 :
|c Philadelphia, Pa.)
|
| 245 |
1 |
0 |
|a Proceedings :
|b Tri-Ada [sic] '96 Conference : the annual meeting of the Ada programming world /
|c sponsored by ACM SIGAda in cooperation with the Software Engineering Institute and Defense Information Systems Agency.
|
| 246 |
3 |
|
|a Tri-Ada '96
|
| 260 |
|
|
|a New York, N.Y. :
|b Association for Computing Machinery,
|c c1996.
|
| 300 |
|
|
|a xiv, 286 p. :
|b ill. ;
|c 28 cm.
|
| 500 |
|
|
|a Cover title.
|
| 500 |
|
|
|a Held in Philadelphia, Pa. on Dec. 3-7, 1996.
|
| 504 |
|
|
|a Includes bibliographical references and index.
|
| 650 |
|
0 |
|a Ada (Computer program language)
|v Congresses.
|
| 710 |
2 |
|
|a SIGAda.
|
| 710 |
2 |
|
|a Carnegie-Mellon University.
|b Software Engineering Institute.
|
| 710 |
2 |
|
|a United States.
|b Defense Information Systems Agency.
|
| 852 |
8 |
|
|b CARM
|h A1:AR34C0
|i D07745
|p 0246889
|f BK
|
| 999 |
f |
f |
|i 96c8ccf4-bd8c-5e32-8979-376ffdc902b1
|s b70b05ff-182f-50dc-81de-eba56c019be0
|
| 952 |
f |
f |
|p Can circulate
|a CAVAL
|b CAVAL
|c CAVAL
|d CARM 1 Store
|e D07745
|f A1:AR34C0
|h Other scheme
|i book
|m 0246889
|